Forme de pays sur une projection Cassini - Statistiques

Statistiques générales
  • Ce quiz a été pris 263 fois
  • Le résultat moyen est 9 sur 16
Statistiques - réponses
Par images Réponse % Correct
Russie
86%
Pérou
76%
Thaïlande
76%
Inde
72%
États-Unis
64%
Oman
64%
Birmanie
63%
Viêtnam
62%
Mexique
59%
Chine
58%
Iran
52%
Malaisie
48%
Bolivie
44%
Colombie
42%
Cuba
36%
Costa Rica
32%
Aucun quiz correspondant
Distribution des résultats
% des personnes avec chaque résultat
Percentile par nombre de réponses
Votre historique - résultats
Vous n’avez pas pris ce quiz